000 00852nam a2200217Ia 4500
003 IN-BaIIA
008 211028s9999 xx 000 0 eng d
040 _cIIA Library
080 _a523.982(063)
_bCRA
111 _aConference on Sunspots
_cNew Mexico
_d1981 July 14-17
_912479
245 4 _aThe physics of sunspots
_bproceedings of the Sacramento Peak Observatory conference on sunspots, New Mexico, 14-17 July 1981
_cedited by Lawrence E. Cram and John H. Thomas
260 _aNew Mexico
_bSacromento Peak National Observatory
_c1981
300 _av, 487p.
650 _aAstronomy and Astrophysics Thesaurus
650 _aSun
_91200
650 _aSunspots
700 _aCram, Lawrence E., ed.
_912480
700 _aThomas, John H., ed.
_912481
710 _aSacramento Peak Observatory
_910407
942 _cBK
999 _c7294
_d7294